La huella de España en Tierra Santa. (Record no. 187161)

MARC details
000 -LEADER
campo de control de longitud fija 00710nam a2200193 i 4500
001 - NÚMERO DE CONTROL
campo de control 187161
003 - IDENTIFICADOR DE NÚMERO DE CONTROL
campo de control SpMaBN
005 - FECHA Y HORA DE LA ÚLTIMA TRANSACCIÓN
campo de control 20230906222829.0
008 - DATOS DE LONGITUD FIJA--INFORMACIÓN GENERAL
campo de control de longitud fija 170426q1957 sp abc |||| | spa d
080 ## - NÚMERO DE LA CLASIFICACIÓN DECIMAL UNIVERSAL
Número de la Clasificación Decimal Universal 930.85(460:569.4)
080 ## - NÚMERO DE LA CLASIFICACIÓN DECIMAL UNIVERSAL
Número de la Clasificación Decimal Universal 930.85(569.4:460)
245 03 - MENCIÓN DEL TÍTULO
Título La huella de España en Tierra Santa.
260 ## - PUBLICACIÓN, DISTRIBUCIÓN, ETC.
Lugar de publicación, distribución, etc. Madrid :
Nombre del editor, distribuidor, etc. Revista Geográfica Española,
Fecha de publicación, distribución, etc. [h. 1957]
300 ## - DESCRIPCIÓN FÍSICA
Extensión 212, XLVIII p. :
Otras características físicas il., mapas, retr. ;
Dimensiones 24 cm.
546 ## - NOTA DE IDIOMA
Nota de lengua/lenguaje Texto español, con traducción en inglés.
651 #7 - PUNTO DE ACCESO ADICIONAL DE MATERIA--NOMBRE GEOGRÁFICO
Nombre geográfico Palestina-
Subdivisión general Relaciones-
Subdivisión geográfica España.
9 (RLIN) 162463
651 #7 - PUNTO DE ACCESO ADICIONAL DE MATERIA--NOMBRE GEOGRÁFICO
Nombre geográfico España-
Subdivisión general Relaciones-
Subdivisión geográfica Palestina.
9 (RLIN) 162464
852 ## - LOCALIZACIÓN
Ubicación ES-MaACL
Número de control de estantería L-31490
Nota libre . - Donat. herederos de la bibl. de Mª del Pilar Costa Palacín
Holdings
Estatus retirado Estado de pérdida Estado de daño No para préstamo Biblioteca de origen Biblioteca actual Ubicación en estantería Fecha de adquisición Fuente de adquisición Total de préstamos Signatura topográfica completa Código de barras Visto por última vez Precio de reemplazo Tipo de ítem Koha
        Biblioteca del Ateneo de Madrid Biblioteca del Ateneo de Madrid Depósito 2 26/04/2017     L-31490 1197463 23/02/2023 23/02/2023 Libro impreso